Schaum's outline of theory and problems of numerical analysis /
Guardado en:
| Autor Principal: | |
|---|---|
| Formato: | Libro |
| Idioma: | English |
| Publicado: |
New York :
McGraw-Hill,
1968.
|
| Series: | Schaum's outline series
|
| Materias: | |
| Acceso en línea: | Descripción |
| Etiquetas: |
Agregar Etiqueta
Sin Etiquetas, Sea el primero en etiquetar este registro!
|
| LEADER | 01017nam a22002775a 4500 | ||
|---|---|---|---|
| 001 | EIQ.libpla004155 | ||
| 008 | 080723s1968####nyua##########001#0#eng#d | ||
| 005 | 20080723190427.0 | ||
| 245 | 1 | 0 | |a Schaum's outline of theory and problems of numerical analysis / |c by Francis Scheid. |
| 260 | |a New York : |b McGraw-Hill, |c 1968. | ||
| 300 | |a 422 p. : |b il. ; |c 28 cm. | ||
| 490 | 1 | |a Schaum's outline series | |
| 500 | |a Incluye índice. | ||
| 500 | |a Incluye 775 problemas resueltos. | ||
| 020 | |a 0070551979 (pbk.) | ||
| 100 | 1 | |a Scheid, Francis J. | |
| 830 | 0 | |a Schaum's outline series | |
| 246 | 3 | 0 | |a Theory and problems of numerical analysis. |
| 246 | 3 | 0 | |a Numerical analysis. |
| 082 | 0 | 0 | |a 519.4 |2 19 |
| 650 | 4 | |a Análisis numérico |x Problemas, ejercicios, etc. | |
| 650 | 0 | |a Numerical analysis |x Problems, exercises, etc. | |
| 010 | |a 87035348 | ||
| 040 | |a DLC |c DLC |d AR-BbSID | ||
| 856 | 4 | 2 | |3 Descripción |u http://www.loc.gov/catdir/description/mh022/87035348.html |
| 859 | |a AR-BbSID |b BIB. PLAPIQUI |h 519.4 |i Sch 25 |p 2777 | ||
